INTERNATIONAL, education and schools ; moving beyond the first 40 years
Uloženo v:
| Médium: | Kniha |
|---|---|
| Jazyk: | angličtina |
| Vydáno: |
Bloomsbury Academic
2013
|
| Tagy: |
Přidat tag
Žádné tagy, Buďte první, kdo vytvoří štítek k tomuto záznamu!
|
MARC
| LEADER | 00000nam a22000007a 4500 | ||
|---|---|---|---|
| 008 | 240827b |||||||| |||| 00| 0 eng d | ||
| 020 | |a 9781472510747 | ||
| 245 | |a INTERNATIONAL, education and schools |b ; moving beyond the first 40 years |c /edited by Richard Pearce |g xx, 238p.;ill | ||
| 260 | |b Bloomsbury Academic |c 2013 |h London |i 701414 |i 701415 |l LC1090.In8 |m International education |m International schools | ||
| 500 | |a it includes references and index | ||
| 942 | |a lcc |c BK |e Johnson |f 27/08/24 | ||
| 952 | |0 0 |1 0 |2 lcc |4 0 |6 LC1090 I N8 |7 0 |9 5529 |a ED |b HOL |c LP |d 2024-08-27 |l 0 |o LC1090.In8 |p 2024-0769 |r 2024-08-27 00:00:00 |t 701414 |w 2024-08-27 |y BK | ||
| 952 | |0 0 |1 0 |2 lcc |4 0 |6 LC1090 I N8 |7 0 |9 5530 |a HOL |b HOL |c LP |d 2024-08-27 |l 0 |o LC1090.In8 |p 2024-0770 |r 2024-08-27 00:00:00 |t 701414 |w 2024-08-27 |y BK | ||
| 999 | |c 2730 |d 2730 | ||